Heat transfer (Record no. 3641)

000 -LEADER
fixed length control field 00564nam a2200229 a 4500
001 - CONTROL NUMBER
control field 3641
003 - CONTROL NUMBER IDENTIFIER
control field BD-DhUET
008 - FIXED-LENGTH DATA ELEMENTS--GENERAL INFORMATION
fixed length control field 960506s1997 nyua b 001 0 eng
020 ## - INTERNATIONAL STANDARD BOOK NUMBER
International Standard Book Number 0071143203
020 ## - INTERNATIONAL STANDARD BOOK NUMBER
International Standard Book Number 0078447852
040 ## - CATALOGING SOURCE
Original cataloging agency DLC
Transcribing agency DLC
Modifying agency BD-DhUET
082 00 - DEWEY DECIMAL CLASSIFICATION NUMBER
Classification number 621.011
Item number HOL/1997
100 1# - MAIN ENTRY--PERSONAL NAME
Personal name Holman, J. P.
245 10 - TITLE STATEMENT
Title Heat transfer
250 ## - EDITION STATEMENT
Edition statement 8th ed.
260 ## - PUBLICATION, DISTRIBUTION, ETC. (IMPRINT)
Place of publication, distribution, etc. New York
Name of publisher, distributor, etc. McGraw-Hill
Date of publication, distribution, etc. 1997
300 ## - PHYSICAL DESCRIPTION
Extent xviii, 696 p.
Other physical details ill.
490 ## - SERIES STATEMENT
Series statement Schaum's outline series
504 ## - BIBLIOGRAPHY, ETC. NOTE
Bibliography, etc Includes bibliographies
650 #0 - SUBJECT ADDED ENTRY--TOPICAL TERM
Topical term or geographic name as entry element Heat transfer
942 ## - ADDED ENTRY ELEMENTS (KOHA)
Koha item type General Book
Holdings
Date acquired Sublocation or collection (holding branch) Koha full call number Piece designation (barcode) Koha date last borrowed Copy number Koha normalized classification for sorting Shelving location Lost status Koha item type Not for loan Koha out on loan Price effective from Koha issues (times borrowed) Source of classification or shelving scheme Withdrawn status Koha date last seen Damaged status Location (home branch)
2014-11-03Central Library, BUET621.011/HOL/1997924502025-04-271621_011000000000000_HOL_1997Circulation section General Book 2025-05-112014-11-033  2025-04-27 Central Library, BUET
2014-11-03Central Library, BUET621.011/HOL/199792452 2621_011000000000000_HOL_1997Circulation section General Book  2014-11-03   2014-11-03 Central Library, BUET
2014-11-03Central Library, BUET621.011/HOL/199792453 3621_000000000000000_011HOL1997Circulation section General Book  2014-11-03   2016-07-30 Central Library, BUET
2014-11-03Central Library, BUET621.011/HOL/1997924542022-01-094621_000000000000000_011HOL1997Circulation section General Book  2014-11-031  2022-06-08 Central Library, BUET
2014-11-03Central Library, BUET621.011/HOL/1997924552024-10-025621_000000000000000_011HOL1997Circulation section General Book  2014-11-032  2024-10-28 Central Library, BUET
2014-11-03Central Library, BUET621.011/HOL/1997924572023-12-106621_000000000000000_011HOL1997Circulation section General Book  2014-11-033  2024-08-31 Central Library, BUET
2014-11-03Central Library, BUET621.011/HOL/199792459 7621_000000000000000_011HOL1997Circulation section General Book  2014-11-03   2014-11-03 Central Library, BUET
2014-11-03Central Library, BUET621.011/HOL/1997924602024-03-128621_011000000000000_HOL_1997Circulation section General Book  2014-11-031  2024-08-28 Central Library, BUET
2014-11-03Central Library, BUET621.011/HOL/1997924612024-04-089621_000000000000000_011HOL1997Circulation section General Book  2014-11-031  2024-06-22 Central Library, BUET
2014-11-03Central Library, BUET621.011/HOL/1997924622024-12-1010621_000000000000000_011HOL1997Circulation section General Book  2014-11-035  2025-03-12 Central Library, BUET
2014-11-03Central Library, BUET621.011/HOL/1997924642015-03-0411621_000000000000000_011HOL1997Circulation section General Book  2014-11-031  2017-05-03 Central Library, BUET
2014-11-03Central Library, BUET621.011/HOL/1997924652019-06-1712621_000000000000000_011HOL1997Circulation section General Book  2014-11-033  2019-07-10 Central Library, BUET
2014-11-03Central Library, BUET621.011/HOL/1997924662022-05-2413621_000000000000000_011HOL1997Circulation section General Book  2014-11-033  2022-06-08 Central Library, BUET
2015-04-12Central Library, BUET621.011 HOL/199792468 14621_011000000000000_HOL_1997Circulation section General Book  2015-04-12   2015-04-12 Central Library, BUET
2015-07-02Central Library, BUET621.011/HOL/199792447 15621_011000000000000_HOL_1997Reading section Reading Item  2015-07-02   2015-07-02 Central Library, BUET
2015-07-09Central Library, BUET621.011/HOL/199792446 16621_011000000000000_HOL_1997Reading section Reading Item  2015-07-09   2015-07-09 Central Library, BUET